Library Banner

Islamic spirituality : (Record no. 114677)

MARC details
000 -LEADER
fixed length control field 00537cam a2200193 i 4500
001 - CONTROL NUMBER
control field 19857449
005 - DATE AND TIME OF LATEST TRANSACTION
control field 20191118094526.0
008 - FIXED-LENGTH DATA ELEMENTS--GENERAL INFORMATION
fixed length control field 170801s2018 enk b 001 0 eng
020 ## - INTERNATIONAL STANDARD BOOK NUMBER
International Standard Book Number 9781472572059 (PB)
040 ## - CATALOGING SOURCE
Transcribing agency PK-LaUMT
082 00 - DEWEY DECIMAL CLASSIFICATION NUMBER
Classification number 297.4
Edition number 23
Item number SAR-I
100 1# - MAIN ENTRY--PERSONAL NAME
Personal name Sarıtoprak, Zeki
245 10 - TITLE STATEMENT
Title Islamic spirituality :
Remainder of title theology and practice for the modern world /
Statement of responsibility, etc by Zeki Saritoprak
260 ## - PUBLICATION, DISTRIBUTION, ETC. (IMPRINT)
Place of publication, distribution, etc London :
Name of publisher, distributor, etc Bloomsbury,
Date of publication, distribution, etc 2018
300 ## - PHYSICAL DESCRIPTION
Extent x, 231 p. ;
Dimensions 24 cm
650 #0 - SUBJECT ADDED ENTRY--TOPICAL TERM
Topical term or geographic name as entry element Islam.
650 #0 - SUBJECT ADDED ENTRY--TOPICAL TERM
Topical term or geographic name as entry element Sufism.
942 ## - ADDED ENTRY ELEMENTS (KOHA)
Koha item type Books
Holdings
Withdrawn status Lost status Damaged status Home library Current library Date acquired Full call number Barcode Date last seen Price effective from Koha item type
      UMT Main Campus UMT Main Campus 2019-11-18 297.4 SAR-I 130178 2021-01-20 2019-11-18 Books